01151nam a2200193Ia 4500001001000000003001000010008004100020040002500061041001300086100002300099245004400122250001100166260008500177300002700262500026000289501011400549520026000663650003400923L235-7317IT-CnALBA170116s9999||||xx |||||||||||||| ||und|| aIT-CnALBAcIT-CnALBA aITALIANO aSTRATER PAOLO, SJ. 0aMARIA NELLA VITA E NELLA CRISTIANITA'.  a1a ed. a TORINO - ROMAbMARIETTI EDITORE c1958 [1° Ed.:1958 - Ed.Ling.Originale: 1958] a208 p. (prefazione: 5) aTRADUZIONE DI FRANZ GLAENTZER E FILOGRASSI GIUSEPPE. CURATORE PAOLO STRATER. COAUTORI: FREITAG ANTONIO. THALHAMMER DOMENICO BEAUMER GIOVANNI TESTORI CELESTINO FECKES CARLO. CULTO A MARIA. SOSTEGNO DELLA VITA CRISTIANA. DEVOZIONE POPOLARE. MARIA E LE MISSI aSocietà San Paolo EM - Piazza San Paolo, 14 - 12051 ALBA (CN) (non commercial uses only) ® Copyright 2017 aTRADUZIONE DI FRANZ GLAENTZER E FILOGRASSI GIUSEPPE. CURATORE PAOLO STRATER. COAUTORI: FREITAG ANTONIO. THALHAMMER DOMENICO BEAUMER GIOVANNI TESTORI CELESTINO FECKES CARLO. CULTO A MARIA. SOSTEGNO DELLA VITA CRISTIANA. DEVOZIONE POPOLARE. MARIA E LE MISSI aMARIA SS. ANGELI SANTI DEMONI